| 000 | 00773cam a22002533a 4500 | ||
|---|---|---|---|
| 001 | 2140 | ||
| 003 | PGUSA | ||
| 005 | 20140828083011.0 | ||
| 008 | 000401s2000||||xxu|||||s|||||000 | eng d | ||
| 040 |
_aPGUSA _beng |
||
| 042 | _adc | ||
| 050 | 4 | _aDA | |
| 100 | 1 |
_aBray, William, _d1736-1832 |
|
| 245 | 1 | 0 |
_aExtracts from the Diary of William Bray _h[electronic resource] / _cWilliam Bray |
| 260 |
_bProject Gutenberg, _c2000 |
||
| 506 | _aPublic domain in the USA. | ||
| 516 | _aElectronic text | ||
| 653 | _aBray, William, 1736-1832 -- Biography | ||
| 653 | _aGreat Britain -- Court and courtiers | ||
| 653 | _aGreat Britain -- History -- Stuarts, 1603-1714 | ||
| 830 | 0 |
_aProject Gutenberg _v2140 |
|
| 856 | 4 | 0 | _uhttp://www.gutenberg.org/ebooks/2140 |
| 942 | _cEB | ||
| 999 |
_c231478 _d231478 |
||